MDQL
is popping MORE tags! Check the
thread
!
Quizzes
Events
Quiz Creation
Community
Videos
Private Events
Remove Ads
Sign In
Join for FREE
Feedback
Dark Mode
Quiz Categories
Sports
Geography
Music
Movies
Television
Just For Fun
Miscellaneous
History
Literature
Language
Science
Gaming
Entertainment
Religion
Holiday
For Kids
Quiz Lab
Recent
Popular Today
Quiz Kudos Today
Editor Picks
Curator Picks
Quizzes by...
Day
Popularity
Type
Ratings
Length
Year
Community
Subscriptions
Recent Discussions
Orange Saloon
Badges
Playlists
Quests
Create
Leaderboards
Showdown
Live 5
Trivia Bingo
Activity
Puzzle Library
Sporcle Events
Private Events
Virtual Trivia
Globe League
Become a Host
Pub Owners
SporcleCon
Opinionation
Our Games
Videos
Blog
Mobile Apps
Partnerships
Remove Ads and Go Orange
Feedback
Miscellaneous
Crossword
General Knowledge
Baby Names
Logo
Food
Cars
Numbers
Grab Bag
University
College
Popular
Company
Slogans
Restaurants
Justice
Letter
Miscellaneous
Crossword
General Knowledge
Baby Names
Logo
Food
Cars
Numbers
Grab Bag
University
College
Popular
Company
Slogans
Restaurants
Justice
Letter
Random Quiz
Search Sporcle
×
Quiz Lab
Quiz Lab
Miscellaneous
Definition
Type in answers that appear in a list
Type in answers that appear in a list
Classic
Best Score? Go Orange.
Sociology Terms Stats
Can you name the Sociology Terms relating to Postmodernism, Family, and Death & Dying?
By
Jill45
15m
17 Questions
88 Plays
88 Plays
88 Plays
Comments
Comments
Give Quiz Kudos
Give Quiz Kudos
-
- Ratings
hide this ad
Replay
Link that replays current quiz
Next Quiz
Link to next quiz in quiz playlist
You Got
0%
They Got
Avg Score
22%
Avg Friend Score
Upgrade to see
Score Distribution
Jump to the score distribution portion of the page
Score
0/17
Timer
15:00
0
Plays Today
Definition
Term
% Correct
Social group whose members are related by ancestry, marriage, or adoption and who live together, cooperate economically, and care for the young.
Family
64.8%
Family arrangement in which the spouses and their children constitute the core relationship.
Nuclear Family
58%
A socially approved sexual union between 2 individuals which is undertaken with some idea of permanence.
Marriage
42%
Arrangement in which kin provide the core relationship.
Extended Family
42%
Unmarried adults who share living quarters with an unrelated adult of the opposite sex.
Cohabitation
40.9%
Failure to provide adequate food, health care, or shelter.
Neglect
20.5%
Requirement that marriage occurs outside the group.
Exogamy
12.5%
Social and Cultural patterns of a postindustrial society.
Postmodernism
12.5%
Requirement that marriage occurs within the group.
Endogamy
12.5%
Definition
Term
% Correct
Unequal involvement of working mothers and wives in household work. (After full time job, woman comes home to second shift housework)
Second Shift
12.5%
The recognition that the relationship with a spouse is deteriorating and marriage is coming to an end.
Emotional Divorce
10.2%
A nuclear family that consists of oneself and one's father, mother, and siblings.
Family of Orientation
9.1%
A nuclear family consisting of oneself and one's spouse and children.
Family of Procreation
9.1%
Strong, physical, and emotional attraction.
Romantic Love
9.1%
Reputation and influence an individual has after their death.
Post-self
8%
The process of regaining an individual identity and autonomy after a legal divorce.
Psychic Divorce
6.8%
Causes of child maltreatment. (High risk factors)
History of the adult being abused
4.5%
Quiz Playlist
Details
Report
Send in Message
Add To Playlist
Classic:
Type in answers that appear in a list
Last Updated: Feb 16, 2017
Quiz Scoreboard
CHALLENGE
Sign Up to Join the Scoreboard
Show All
Scores
Hide
Comments
May contain spoilers
Recently Published
Image Sorting: Flags VI
by Barbecue
Geography
2m
Find the 'City' Movie
by crazypaving
Movies
60s
Colored Red Africa Blitz
by spor1
Geography
45s
More to Explore
Quiz From the Vault
Featured Blog Post
14 Easter Pick-up Lines to Find Eggs With
hide this ad
You Might Also Like...
Tags
Definition Quiz
death
Family
Relating
Term
Today's Top Quizzes in Miscellaneous
Browse Miscellaneous
hide this ad
Today's Top Quizzes in Definition
Browse Definition
Top Contributed Quizzes in Miscellaneous
1
The JOE quick-fire general knowledge quiz: Day 174
2
5-to-1: Fast Food
3
9x9 Crossword: Disney Movie Titles
4
9x9 Crossword: Charlie and the Chocolate Factory
5
The JOE quick-fire general knowledge quiz: Day 173
6
9x9 Crossword: Actors
7
9x9 Crossword: 2022 Movies
8
9x9 Crossword: The Simpsons
9
9x9 Crossword: Flags
10
9x9 Crossword: Pixar Movie Titles
Explore More
Trending Topics
NBA
Kpop
Anime
Marvel
Disney
Harry Potter
Crossword
NFL
Puzzle
Song
WWE
Pokémon
The Office
Soccer
Country
hide this ad
More By:
Jill45
Quiz
Plays
Rating
Category
Featured
Created
Sociology Terms
88
3.00
Miscellaneous
Dec 11, 2011
Respiratory Medications
58
Miscellaneous
Feb 11, 2014
Go to Creator's Profile
Score Distribution
Quiz Creator Spotlight
Jill45
Follow
Send a Message
Quizzes Created
-
Created Quiz Play Count
-
More By This Creator
Popular Quizzes Today
1
Colored Red Africa Blitz
2
Find the US States - No Outlines Minefield
3
Find the 'City' Movie
4
5x2 Blitz: Bands
5
The Countries of the World
6
Find the US States
7
Find the Countries of Europe - No Outlines Minefield
8
US States
More Miscellaneous Quizzes
Occupation by Necktie
Published
Trending Quizzes
Colored Red Europe Blitz I
Colored Red Europe Blitz II
Colored Red Africa Blitz II
Colored Red Europe Blitz III
Colored Red Africa Blitz III
Recently Updated
How Do You Spell That?
pecheneg
Godzilla Movies
pecheneg
Grab Bag: 4-10 Letters
pecheneg
2024 March Madness Bracket
pecheneg
Famous TV Couples
Peacemaker
Champions League XIs: Real Madrid
pecheneg
Largest US Cities 1790-2010
pecheneg
Rides in Walt Disney World
pecheneg
Most Oscar Losses (Acting)
pecheneg
Beyoncé Albums
pecheneg
Trending Topics
Marvel
Disney
Harry Potter
Kpop
NBA
Crossword
Anime
NFL
Country
The Office
WWE
Pokémon
Soccer
Song
Puzzle
Your Account Isn't Verified!
In order to create a playlist on Sporcle, you need to verify the email address you used during registration. Go to your
Sporcle Settings
to finish the process.
Report this User
Report this user for behavior that violates our
Community Guidelines
.
Details:
Send Report
Go to the Sporcle.com Mobile Site →
Comments